AC Milan Squad 2015-2016 - Statistics

General Stats
  • This quiz has been taken 38 times
  • The average score is 21 of 33
Answer Stats
# Position Nation Player % Correct
99 GK Italy Gianluigi Donnarumma
92%
10 FW Japan Keisuke Honda
88%
70 FW Colombia Carlos Bacca
84%
17 DF Colombia Cristián Zapata
84%
27 MF Slovakia Juraj Kucka
84%
45 FW Italy Mario Balotelli
84%
20 DF Italy Ignazio Abate
80%
19 FW Senegal M'Baye Niang
80%
8 FW Spain Suso
80%
1 GK Spain Diego López
76%
13 DF Italy Alessio Romagnoli
72%
33 DF Brazil Alex
72%
9 FW Brazil Luiz Adriano
72%
5 DF France Philippe Mexès
72%
96 DF Italy Davide Calabria
68%
7 FW France Jérémy Ménez
68%
18 MF Italy Riccardo Montolivo
68%
32 GK Italy Christian Abbiati
64%
34 MF Netherlands Nigel de Jong
64%
- Coach Serbia Siniša Mihajlović
64%
73 MF Italy Manuel Locatelli
60%
11 FW Italy Alessio Cerci
56%
91 MF Italy Andrea Bertolacci
56%
16 MF Italy Andrea Poli
56%
- Coach Italy Cristian Brocchi
56%
28 FW Italy Giacomo Bonaventura
56%
31 DF Italy Luca Antonelli
56%
2 DF Italy Mattia De Sciglio
56%
72 FW Ghana Kevin-Prince Boateng
44%
25 DF Czech Republic Stefan Simić
36%
4 MF Italy José Mauri
32%
23 MF Italy Antonio Nocerino
20%
15 DF Brazil Rodrigo Ely
20%
No matching quizzes found
Score Distribution
Percent of People with Each Score
Percentile by Number Answered
Your Score History
You have not taken this quiz